| 000 | 006320000a22002170004500 | ||
|---|---|---|---|
| 003 | LK-CoMWRAF | ||
| 005 | 20231116150445.0 | ||
| 008 | 230817t1989 ||||| |||| 00| 0 eng d | ||
| 020 | _a053409726X | ||
| 040 |
_aLK-CoMWRAF _dLK-CoMWRAF _eLK-CoMWRAF |
||
| 041 | _aeng | ||
| 082 |
_a300 _bBAB |
||
| 100 | _aBabbie, Earl | ||
| 245 | _aThe Practice of Social research | ||
| 250 | _a5th ed. | ||
| 260 |
_aCalifornia: _bWadsworth Publishing Company, _c1989 |
||
| 300 |
_axxiv, 551 p. : ill. ; 24 cm. _bBibliography and index included |
||
| 650 | _aSOCIAL SCIENCES-Research | ||
| 650 | _aSocial sciences--Methodology. | ||
| 942 | _cBK | ||
| 999 |
_c2407 _d2407 |
||